<?xml version="1.0" encoding="UTF-8"?>
<record
    xmlns:xsi="http://www.w3.org/2001/XMLSchema-instance"
    xsi:schemaLocation="http://www.loc.gov/MARC21/slim http://www.loc.gov/standards/marcxml/schema/MARC21slim.xsd"
    xmlns="http://www.loc.gov/MARC21/slim">

  <leader>00408nam a22001457a 4500</leader>
  <datafield tag="020" ind1=" " ind2=" ">
    <subfield code="a">9786012090765</subfield>
  </datafield>
  <datafield tag="082" ind1=" " ind2=" ">
    <subfield code="a">378.584</subfield>
    <subfield code="b">ONE</subfield>
  </datafield>
  <datafield tag="245" ind1=" " ind2=" ">
    <subfield code="a">Kazakh National Technical University named after K. I.Satpayev: today</subfield>
  </datafield>
  <datafield tag="260" ind1=" " ind2=" ">
    <subfield code="a">Almaty:</subfield>
    <subfield code="b">KazNTU Press</subfield>
    <subfield code="c">2009.</subfield>
  </datafield>
  <datafield tag="300" ind1=" " ind2=" ">
    <subfield code="a">375p</subfield>
  </datafield>
  <datafield tag="504" ind1=" " ind2=" ">
    <subfield code="a">Kazakh language</subfield>
  </datafield>
  <datafield tag="563" ind1=" " ind2=" ">
    <subfield code="a">HB</subfield>
  </datafield>
  <datafield tag="650" ind1=" " ind2=" ">
    <subfield code="a">Universities and colleges &#x2014; Kazakhstan</subfield>
    <subfield code="9">133696</subfield>
  </datafield>
  <datafield tag="942" ind1=" " ind2=" ">
    <subfield code="2">ddc</subfield>
    <subfield code="c">BK</subfield>
  </datafield>
  <datafield tag="999" ind1=" " ind2=" ">
    <subfield code="c">616657</subfield>
    <subfield code="d">616657</subfield>
  </datafield>
  <datafield tag="952" ind1=" " ind2=" ">
    <subfield code="0">0</subfield>
    <subfield code="1">0</subfield>
    <subfield code="2">ddc</subfield>
    <subfield code="3">Satbayev Centre</subfield>
    <subfield code="4">0</subfield>
    <subfield code="6">378_584000000000000_ONE</subfield>
    <subfield code="7">0</subfield>
    <subfield code="9">645668</subfield>
    <subfield code="a">CL</subfield>
    <subfield code="b">CL</subfield>
    <subfield code="d">2026-03-12</subfield>
    <subfield code="f">Satbayev C</subfield>
    <subfield code="l">0</subfield>
    <subfield code="o">378.584 ONE</subfield>
    <subfield code="p">CL-D-3251</subfield>
    <subfield code="r">2026-03-12</subfield>
    <subfield code="w">2026-03-12</subfield>
    <subfield code="y">BK</subfield>
    <subfield code="z">Satbayev Centre</subfield>
  </datafield>
</record>
